Things That Are Yellow Quiz Stats

 Plays Quiz Updated Sep 20, 2018

Challenge
Share
Tweet
Score 0/20 Timer 04:00
1 Play Today
% Correct
Bananas
99%
Rubber Ducky
98.8%
Lemon
98.7%
Mustard
97.2%
School Bus
95.8%
No. 2 Pencil
95.8%
Pac-Man
95.3%
Sunflower
95%
Yellow Pages
95%
Yellow Submarine
92.7%
% Correct
Yellow Brick Road
91.5%
Honeycomb
89.3%
Post-It Note
87.7%
Yellow Card
83.9%
Squash
78.8%
Cornbread
78.7%
Quiche
76%
Dandelion
74.7%
Canary
73.4%
Daffodil
71.4%

You're not logged in!

Compare scores with friends on all Sporcle quizzes.
Join for Free
OR
Log In

You Might Also Like...

Show Comments

Extras

Top Quizzes Today


Score Distribution

Your Account Isn't Verified!

In order to create a playlist on Sporcle, you need to verify the email address you used during registration. Go to your Sporcle Settings to finish the process.

Report this User

Report this user for behavior that violates our Community Guidelines.

Details: